Noise considered a design priority (Record no. 73507)

MARC details
000 -LEADER
fixed length control field 00984cam a2200205 4500
001 - CONTROL NUMBER
control field WB3937-02
008 - FIXED-LENGTH DATA ELEMENTS--GENERAL INFORMATION
fixed length control field 030930n2003 000 0 eng u
035 ## - SYSTEM CONTROL NUMBER
System control number (Sirsi) u123784
245 ## - TITLE STATEMENT
Title Noise considered a design priority
260 ## - PUBLICATION, DISTRIBUTION, ETC.
Date of publication, distribution, etc. 2003
490 ## - SERIES STATEMENT
Series statement Planning (for the Natural and Built Environment)
Volume/sequential designation (1538) 26 September 2003, 3(1)
520 ## - SUMMARY, ETC.
Summary, etc. A study by architectural lobby group Design for Homes has found noise to be the main concern of people living in homes built to the density levels of PPG3. These problems were found to arise because of poor construction, detailing of party walls or by having windows of adjacent properties too close together, rather than by the density of housing. The findings are to be presented at ODPM-backed workshops. For more information e [email protected].
590 ## - LOCAL NOTE (RLIN)
Local note WB
650 ## - SUBJECT ADDED ENTRY--TOPICAL TERM
Topical term or geographic name entry element PPG3
650 ## - SUBJECT ADDED ENTRY--TOPICAL TERM
Topical term or geographic name entry element DESIGN FOR HOMES
650 ## - SUBJECT ADDED ENTRY--TOPICAL TERM
Topical term or geographic name entry element NOISE
650 ## - SUBJECT ADDED ENTRY--TOPICAL TERM
Topical term or geographic name entry element HOUSING DENSITY
690 ## - LOCAL SUBJECT ADDED ENTRY--TOPICAL TERM (OCLC, RLIN)
Topical term or geographic name as entry element BUILT ENVIRONMENT
942 ## - ADDED ENTRY ELEMENTS (KOHA)
Suppress in OPAC 0
Holdings
Withdrawn status Lost status Source of classification or shelving scheme Damaged status Not for loan Home library Current library Shelving location Date acquired Total Checkouts Full call number Barcode Date last seen Copy number Price effective from Koha item type
    Dewey Decimal Classification     London London News article 30/09/2003   WB3937-02 123784-1001 06/08/2019 1 06/08/2019 News article